00586nam a22002057a 450000500170000001000150001702000260003203500130005803500170007103700150008803700310010308200150013410000190014924500560016825000110022426000340023527000460026930000240031565000410033920130710121754.0 aENG-104849 c225.00a9788120345119 aEN-88382 aB-491859-861 bDBAD / PUB bJanvani Prakashan/Venadpl a620.106078 aSarbjit Singh  aExperiments in fluid mechanics /cby Sarbjit Singh  a2nd ed aNew DelhibPHI Learningc2012 aM-97, Connaught CircusbNew Delhie110001 aix,145p.c30cm(pbk) aFluid mechanicsxLaboratory manuals.